000 00578nam a22001931a 4500
001 4985
003 OSt
005 20260204211956.0
008 051014s1988||||Vn ||||||b||||||||||spa||
020 _a9806110218
050 _a320.011 N691r
100 _aNohlen, Dierer
245 _aReforma política y consolidación democrática: Europa y América Latina / Dierer Nohlen
264 _aVenezuela: Editora Nueva Sociedad
300 _a383 p
500 _aIncluye indice y bibliografía.
650 _a1.Libertad - Ideología Política 2.Reforma PolíticaÌ
942 _2ddc
_cBK
999 _c4985
_d4985